Czy pamiętasz ten mecz? Polska - Szwajcaria - Statystyki

Ogólne statystyki
  • Ten quiz został rozwiązany 247 razy
  • Średni wynik to 15 z 29
Statystyki odpowiedzi
Pozycja Skład % Poprawnych
Bramkarz Łukasz Fabiański
97%
Lewy Napastnik Robert Lewandowski
96%
Środkowy Obrońca Kamil Glik
94%
Prawy Napastnik Arkadiusz Milik
93%
Prawy Pomocnik Jakub Błaszczykowski
91%
Środkowy Pomocnik Grzegorz Krychowiak
89%
Lewy Pomocnik Kamil Grosicki
89%
Środkowy Obrońca Michał Pazdan
88%
Trener Adam Nawałka
87%
Prawy Obrońca Łukasz Piszczek
86%
Lewy Obrońca Artur Jędrzejczyk
77%
Bramkarz Yann Sommer
68%
Defensywny Pomocnik Granit Xhaka
63%
Prawy Pomocnik Xherdan Shaqiri
63%
Środkowy Pomocnik Krzysztof Mączyński
62%
Lewy Obrońca Ricardo Rodriguez
40%
Zmiana Sławomir Peszko
38%
Zmiana Tomasz Jodłowiec
38%
Napastnik Haris Seferović
28%
Zmiana Breel Embolo
27%
Prawy Obrońca Stephan Lichtsteiner
18%
Defensywny Pomocnik Valon Behrami
13%
Lewy Pomocnik Admir Mehmedi
12%
Środkowy Pomocnik Blerim Dzemaili
10%
Zmiana Eren Derdiyok
10%
Środkowy Obrońca Johan Djourou
9%
Trener Vladimir Petković
9%
Środkowy Obrońca Fabian Schaer
8%
Zmiana Gelson Fernandes
6%
Nie znaleziono quizów pasujących do podanych kryteriów
Rozkład punktacji
Procent ludzi z każdym wynikiem
Percentyl według liczby udzielonych odpowiedzi
Twoja historia wyników
Nie rozwiązałeś tego quizu